书目信息 |
| 题名: |
“荒原”之风
|
|
| 作者: | 董洪川 著 | |
| 分册: | ||
| 出版信息: | 北京 北京大学出版社 2004 |
|
| 页数: | 328页 | |
| 开本: | 21cm | |
| 丛书名: | 文学论丛 | |
| 单 册: | ||
| 中图分类: | K837.125.6=533 | |
| 科图分类: | ||
| 主题词: | 诗人--人物研究--美国--现代 , 人物研究 , 诗人 | |
| 电子资源: | ||
| ISBN: | 7-301-07810-2 | |
| 000 | 01259oam2 2200337 450 | |
| 001 | 012007337207 | |
| 005 | 20070517113506.35 | |
| 010 | @a7-301-07810-2@dCNY20.00 | |
| 100 | @a20070508d2004 km y0chiy0120 ea | |
| 101 | 0 | @achi |
| 102 | @aCN@b110000 | |
| 105 | @ay z 000yy | |
| 106 | @ar | |
| 200 | 1 | @a“荒原”之风@A“huang yuan”zhi feng@eT. S. 艾略特在中国@f董洪川著@Fdong hong chuan zhu |
| 210 | @a北京@c北京大学出版社@d2004 | |
| 215 | @a328页@d21cm | |
| 225 | 2 | @a文学论丛@i欧美文学研究丛书 |
| 330 | @a本书系统地整理、分析和阐释艾略特在中国的译介、传播、影响和研究。评析了我国不同时期研究艾略特的成果,归纳了艾略特对中国新诗发展的主要贡献。 | |
| 462 | 0 | @12001 @a欧美文学研究丛书 |
| 517 | 1 | @aT. S. 艾略特在中国@AT.S.ai lue te zai zhong guo |
| 600 | 1 | @a艾略特@c(Eliot,Thomas Stearns@f1888-1965)@x人物研究 |
| 600 | 1 | @a艾略特@c(Eliot,Thomas Stearns@f1888-1965) |
| 600 | 1 | @a艾略特@c(Eliot,Thomas Stearns@f1888-1965)@x影响@x新诗@y中国 |
| 600 | 1 | @a艾略特@c(Eliot,Thomas Stearns@f1888-1965) |
| 606 | 0 | @a诗人@x人物研究@y美国@z现代 |
| 606 | 0 | @a人物研究 |
| 606 | 0 | @a诗人 |
| 690 | @aK837.125.6=533@v4 | |
| 701 | 0 | @a董洪川@Adong hong chuan@f(1965~)@4著 |
| 801 | 0 | @aCN@bRULIN@c20070517 |
| 905 | @dK837.125.6=533@e593@s8 | |
| “荒原”之风:T. S. 艾略特在中国/董洪川著.-北京:北京大学出版社,2004 |
| 328页;21cm.-(文学论丛.欧美文学研究丛书) |
| ISBN 7-301-07810-2:CNY20.00 |
| 本书系统地整理、分析和阐释艾略特在中国的译介、传播、影响和研究。评析了我国不同时期研究艾略特的成果,归纳了艾略特对中国新诗发展的主要贡献。 |
| ● |
| 相关链接 |
|
|
|
|
正题名:"荒原"之风
索取号:K837.125.6=533/593
 
预约/预借
| 序号 | 登录号 | 条形码 | 馆藏地/架位号 | 状态 | 备注 |
| 1 | 0578845 | 205788450 | 第二样本阅览室/ [索取号:K837.125.6=533/593] | 在馆 | |
| 2 | 0578846 | 205788469 | 第二借阅区/ [索取号:K837.125.6=533/593] | 在馆 | |
| 3 | 0578847 | 205788478 | 第二借阅区/ [索取号:K837.125.6=533/593] | 在馆 | |
| 4 | 0578848 | 205788487 | 第二借阅区/ [索取号:K837.125.6=533/593] | 在馆 | |
| 5 | 0578849 | 205788496 | 第二借阅区/ [索取号:K837.125.6=533/593] | 在馆 | |
| 6 | 0578850 | 205788502 | 密集书库/ [索取号:K837.125.6=533/593] | 在馆 | |
| 7 | 0578851 | 205788511 | 密集书库/ [索取号:K837.125.6=533/593] | 在馆 | |
| 8 | 0578852 | 205788520 | 密集书库/ [索取号:K837.125.6=533/593] | 在馆 |